书目信息 |
| 题名: |
复杂产品系统创新管理
|
|
| 作者: | 陈劲 著 | |
| 分册: | ||
| 出版信息: | 北京 科学出版社 2007.12 |
|
| 页数: | 301页 | |
| 开本: | 24cm | |
| 丛书名: | 当代中国管理科学优秀研究成果丛书 | |
| 单 册: | ||
| 中图分类: | F273.2 | |
| 科图分类: | ||
| 主题词: | 企业管理--qi ye guan li--产品开发--系统设计--研究 | |
| 电子资源: | ||
| ISBN: | 978-7-03-020768-5 | |
| 000 | 01175nam 2200265 450 | |
| 005 | 20080918101538.10 | |
| 010 | @a978-7-03-020768-5@b精装@dCNY42.00 | |
| 100 | @a20080624d2007 em y0chiy0121 ea | |
| 101 | 0 | @achi |
| 102 | @aCN@b110000 | |
| 105 | @aa a 000yy | |
| 200 | 1 | @a复杂产品系统创新管理@Afu za chan pin xi tong chuang xin guan li@d= Managing the Innovation of Complex Products and Systems@f陈劲著@zeng |
| 210 | @a北京@c科学出版社@d2007.12 | |
| 215 | @a301页@c图@d24cm | |
| 225 | 2 | @a当代中国管理科学优秀研究成果丛书@Adang dai zhong guo guan li ke xue you xiu yan jiu cheng guo cong shu |
| 320 | @a有书目 (第290-301页) | |
| 330 | @a本书将跨组织合作理论、知识管理理论和复杂产品系统创新理论融合在一起,系统地分析了复杂产品系统创新项目执行过程中跨组织知识管理机制,并为我国复杂产品系统制造企业的跨组织知识管理措施提供政策建议。 | |
| 410 | 0 | @12001 @a当代中国管理科学优秀研究成果丛书 |
| 510 | 1 | @aManaging the Innovation of Complex Products and Systems@zeng |
| 606 | 0 | @a企业管理@Aqi ye guan li@x产品开发@x系统设计@x研究 |
| 690 | @aF273.2@v4 | |
| 701 | 0 | @a陈劲@Achen jin@4著 |
| 801 | 0 | @aCN@bLR@c20080918 |
| 905 | @aZUCC@dF273.2@eC475 | |
| 999 | @aLYX | |
| 复杂产品系统创新管理= Managing the Innovation of Complex Products and Systems/陈劲著.-北京:科学出版社,2007.12 |
| 301页:图;24cm.-(当代中国管理科学优秀研究成果丛书) |
| ISBN 978-7-03-020768-5(精装):CNY42.00 |
| 本书将跨组织合作理论、知识管理理论和复杂产品系统创新理论融合在一起,系统地分析了复杂产品系统创新项目执行过程中跨组织知识管理机制,并为我国复杂产品系统制造企业的跨组织知识管理措施提供政策建议。 |
| ● |
| 相关链接 |
|
|
|
正题名:复杂产品系统创新管理
索取号:F273.2/C475
 
预约/预借
| 序号 | 登录号 | 条形码 | 馆藏地/架位号 | 状态 | 备注 |
| 1 | 678322 | 206783220 | 社科库409/409社科库 41排3列5层/ [索取号:F273.2/C475] | 在馆 | |
| 2 | 678323 | 206783239 | 社科库409/409社科库 92排1列1层/ [索取号:F273.2/C475] | 在馆 | |
| 3 | 678324 | 206783248 | 社科库409/409社科库 92排1列1层/ [索取号:F273.2/C475] | 在馆 |